000 00504nam a22001937a 4500
003 koha_MIRAKIL
005 20231213100017.0
008 231213b |||||||| |||| 00| 0 ||| d
020 _b978-9-75362916-4
040 _aTR-IsEVY
_btur
_cTR-IsEVY
082 _a793.73 BİT/B
100 _aBitir, Yusuf.
245 0 _aBilgi yarışması
250 _a11. bs.
260 _bTimaş Yayınları,
_c2014
300 _a240 s.
650 _aBilgi yarışmaları -- Sorular ve cevaplar.
942 _2ddc
_cBK
999 _c13064
_d13064